| 000 | 00487nam a22001457a 4500 | ||
|---|---|---|---|
| 999 |
_c4672 _d4672 |
||
| 008 | 161122b xxu||||| |||| 00| 0 eng d | ||
| 020 | _a9987 612 07 5 | ||
| 082 | _a333.7 COM | ||
| 100 | _aMwandosya, Mark.- (Editor).- | ||
| 245 |
_aCompetition Policy and Utility Regulation/ _cEdited by Mark J. Mwandosya, George F. Mbowe and Peter Young.- _hEnglish. |
||
| 260 |
_aDar Es Salaam: _bCEEST, _c1997. |
||
| 300 |
_a192P.; _c21CM.- |
||
| 650 | _2Economics of land & energy | ||
| 942 |
_2ddc _cBOOKS |
||